000
00214nam a2200097Ia 4500
008
240331s9999 xx 000 0 und d
082
_b
ITH
100
_a
Jayasankar,V. ed
245
0
_a
Ithu emathu padaippu
942
_c
L
999
_c
5580
_d
5580